000 00667nam a2200193Ia 4500
003 GCL
008 140319s9999 xx 000 0 ara d
040 _aGCL /
_cGCL
082 0 4 _a341.241
_bج ش
100 1 _aجميل عارف
245 1 0 _aشاهد على مولد جامعة الدول العربية : الوثائق السرية لدور مصر وسوريا والسعودية /
_cجميل عارف
300 _a271 ص
490 _a
650 0 4 _aالعالم العربى
650 0 4 _aالنزاع العربى الاسرائيلى
650 0 4 _aالقضية الفلسطينية
650 0 4 _aجامعة الدول العربية
942 _2ddc
_cBK
999 _c45546
_d45546